[Event "WIO (Reserve)"]
[Site "Boise, ID"]
[Date "2006.12.10"]
[Round "4.7"]
[White "Simonson, Jay L"]
[Black "Wong, Vanessa Wonyee"]
[Result "1/2-1/2"]
[WhiteElo "657"]
[BlackElo "708"]

1. e4 e5 2. Bc4 Nf6 3. Nc3 Bc5 4. Nf3 Nc6 5. Ng5 O-O 6. a3 d6 7. b4 Bb6 8. Bb2
h6 9. Nf3 Bg4 10. h3 Bh5 11. g4 Bxg4 12. hxg4 Nxg4 13. Qe2 Qf6 14. O-O-O Nxf2
15. Rdg1 Nxh1 16. Rxh1 Ne7 17. Nb5 c6 18. Nc3 Rad8 19. Nh4 d5 20. Bb3 d4 21.
Na4 Rd7 22. d3 Qg5+ 23. Kb1 Bc7 24. Nc5 Rdd8 25. Nxb7 Rb8 26. Nc5 Bd6 27. Nd7
Rb7 28. Nxf8 Kxf8 29. Nf3 Qg4 30. Rg1 Qh5 31. Qg2 g6 32. c4 c5 33. Rh1 Qxh1+
34. Qxh1 Kg7 35. Bd1 cxb4 36. axb4 Bxb4 37. Kc2 a5 38. Nxe5 f6 39. Ng4 h5 40.
Nh2 Rd7 41. Qg1 Kh6 42. Nf3 Bc5 43. Nxd4 Kh7 44. Qf2 Kg7 45. Kb3 Nc6 46. Ka4
Nxd4 47. Bc1 Ne6 48. Qd2 Ng5 49. Qxa5 Bf8 50. Bxg5 fxg5 51. Qxg5 Be7 52. Qg2
Ra7+ 53. Kb3 Rb7+ 54. Kc3 Bf6+ 55. d4 Kh8 56. Qxg6 Bh4 57. Qxh5+ Rh7 58. Qe8+
Kg7 59. Qd7+ Kh8 60. Qe8+ Kg7 61. Bh5 Rh6 62. Qf7+ Kh8 63. Bg6 Be7 64. Qe8+
Kg7 65. Qf7+ Kh8 66. c5 Rh3+ 67. Kc4 Rh6 68. c6 Rxg6 69. Qxg6 Bc5 70. dxc5
{#d} 1/2-1/2

[Event "WIO (Skittles)"]
[Site "Boise, ID"]
[Date "2006.12.10"]
[Round "1.1"]
[White "Simonson, Jay L"]
[Black "Nahlen, Julie M"]
[Result "0-1"]
[WhiteElo "657"]
[BlackElo "744"]

1. Nf3 d5 2. d4 Nf6 3. Nc3 Nc6 4. Bf4 Bg4 5. g3 e6 6. Bg2 Bb4 7. Qd3 Qd7 8. e4
dxe4 9. Qb5 O-O 10. Ne5 Qxd4 11. O-O Rab8 12. Rad1 Qb6 13. Nxc6 Qxb5 14. Nxb5
Bxd1 15. Nxb8 Rd8 16. Bxc7 Rd2 17. Bf4 Be2 18. Re1 Rxc2 19. Rb1 Bxb5 20. Rd1
h6 21. a3 Bc5 22. Bh3 Bxf2+ 23. Kg2 Be3+ 24. Kh1 Bc5 25. Bf1 Bxf1 26. Rxf1 Ng4
{#R} 0-1

[Event "Idaho Closed"]
[Site "Boise, ID"]
[Date "2007.02.17"]
[Round "2.15"]
[White "Simonson, Jay L"]
[Black "Maguire, James H"]
[Result "1/2-1/2"]
[WhiteElo "639"]
[BlackElo "1242"]

1. e4 e6 2. Nf3 d5 3. Nc3 dxe4 4. Nxe4 Nf6 5. d3 Nxe4 6. dxe4 Qxd1+ 7. Kxd1
Bc5 8. Be3 Bxe3 9. fxe3 Nc6 10. Kd2 b6 11. Bb5 Bb7 12. Rad1 Ke7 13. Kc1 Nb4
14. Rd7+ Kf6 15. e5+ Kg6 16. Nh4+ Kg5 17. Nf3+ Bxf3 18. gxf3 Nxa2+ 19. Kb1 Nb4
20. Rxf7 Rhg8 21. Rxc7 Kh6 22. Rg1 Rad8 23. Rxa7 Rd2 24. c3 Nc2 25. Bd7 g6 26.
Bxe6 Rg7 27. Rxg7 Kxg7 28. e4 Rxh2 29. Rd1 b5 30. Rd7+ Kh6 31. Bg8 Kg5 32.
Bxh7 Ne3 33. Rg7 Rh1+ 34. Ka2 Rd1 35. Rxg6+ Kf4 36. Rf6+ Kxe5 37. Rb6 Rd8 38.
Rxb5+ Kf4 39. Rf5+ Nxf5 40. Bxf5 Kxf3 41. e5 Kf4 42. Bh3 Kxe5 43. b4 Kd6 44.
Kb3 Kc7 45. Kc4 Kb6 46. Bf1 Rf8 47. Be2 Rd8 48. Kb3 Rd2 49. Bc4 Rd8 50. Ka4
Rc8 51. Kb3 Rd8 52. b5 Kc5 53. Be2 Rd2 54. Bc4 {#d} 1/2-1/2

[Event "Tri-State M (ID, WY, MT)"]
[Site "Jackson, WY"]
[Date "2008.05.03"]
[Round "1.5"]
[White "Simonson, Jay L"]
[Black "McMahon, Alexander Eric"]
[Result "0-1"]
[WhiteElo "625"]
[BlackElo "1058"]

1. e4 e5 2. Bc4 Nf6 3. Nc3 Bb4 4. Nf3 d6 5. a3 Ba5 6. Ng5 O-O 7. O-O Bg4 8.
Nf3 Bxc3 9. dxc3 Nxe4 10. Bd5 Nf6 11. Bxb7 Na6 12. Bxa8 Qxa8 13. Re1 e4 14.
Re3 exf3 15. gxf3 Bh5 16. Qe2 Nc5 17. Bd2 Ne6 18. Kg2 Nf4+ 19. Kf1 Nxe2 20.
Rxe2 Bxf3 21. Re3 Ng4 22. Rxf3 Qxf3 23. Be3 Nxe3+ 24. Ke1 Ng4 25. Kd2 Qxf2+
26. Kd3 Re8 27. Kc4 Re1 28. Rxe1 Qxe1 29. Kb3 Ne5 30. a4 f5 31. h4 f4 32. h5
f3 33. h6 f2 34. hxg7 f1=Q 35. Kb4 Qc4+ {#R} 0-1

[Event "Tri-State M (ID, WY, MT)"]
[Site "Jackson, WY"]
[Date "2008.05.03"]
[Round "2.5"]
[White "Simonson, Jay L"]
[Black "Drake, Melvin P"]
[Result "0-1"]
[WhiteElo "625"]
[BlackElo "1116"]

1. e4 e5 2. Nf3 Nc6 3. Bc4 d6 4. d4 h6 5. O-O Nf6 6. Nc3 Be7 7. dxe5 dxe5 8.
Qxd8+ Nxd8 9. Nxe5 Ne6 10. Be3 O-O 11. Rad1 Bd6 12. Bd4 Bxe5 13. Bxe5 Nd7 14.
Bxe6 Nxe5 15. Bd5 c6 16. Bb3 b5 17. a4 Ba6 18. h3 b4 19. Ne2 Bxe2 20. Rd4 Bxf1
21. Kxf1 Rab8 22. a5 Rb5 23. a6 Ra5 24. Rxb4 Rxa6 25. f4 c5 26. Rb7 c4 27.
fxe5 cxb3 28. Rxb3 Re8 29. Rb5 Ra4 30. b4 a6 31. Ra5 Rxb4 32. Rxa6 Rxe4 33.
Ra5 Rc8 34. Kg1 Rxc2 35. Ra8+ Kh7 36. Kh2 Ree2 37. Ra6 Rxg2+ 38. Kh1 Rgd2 39.
Ra1 Rd3 40. Rg1 Rxh3# 0-1

[Event "Tri-State M (ID, WY, MT)"]
[Site "Jackson, WY"]
[Date "2008.05.04"]
[Round "4.5"]
[White "McMahon, Alexander Eric"]
[Black "Simonson, Jay L"]
[Result "1-0"]
[WhiteElo "1058"]
[BlackElo "625"]

1. e4 c5 2. Nf3 Nc6 3. c3 Nf6 4. e5 Nh5 5. d4 cxd4 6. cxd4 d5 7. Bd3 Bg4 8.
O-O Nf4 9. Bxf4 Bxf3 10. Qxf3 Nxd4 11. Qe3 Qb6 12. Nc3 O-O-O 13. Rac1 Nc6 14.
Qxb6 axb6 15. Nb5 e6 16. Na7+ Kc7 17. Bb5 Kd7 18. Nxc6 bxc6 19. Bxc6+ Ke7 20.
Bb7 f6 21. Rc7+ Rd7 22. Rfc1 Rxc7 23. Rxc7+ Ke8 24. exf6 gxf6 25. Rc8+ Kf7 26.
Bh6 d4 27. Bxf8 Rxf8 28. Rxf8+ Kxf8 29. Kf1 Ke7 30. Ke2 Kd6 31. Kd3 e5 32. Be4
Kc5 33. Bxh7 b5 34. h4 Kd6 35. Bf5 Ke7 36. b3 Kd8 37. h5 Ke8 38. h6 Kf8 39. a4
bxa4 40. bxa4 Ke7 41. a5 Kf8 42. a6 Kg8 43. a7 Kf7 44. a8=Q Ke7 45. h7 Kd6 46.
h8=Q Kc5 47. Qhd8 e4+ 48. Bxe4 f5 49. Qdd5+ Kb4 50. Kd2 fxe4 51. Qac6 e3+ 52.
Kd3 e2 53. Qdb5+ {#r} 1-0

[Event "Tri-State M (ID, WY, MT)"]
[Site "Jackson, WY"]
[Date "2008.05.04"]
[Round "5.5"]
[White "Drake, Melvin P"]
[Black "Simonson, Jay L"]
[Result "0-1"]
[WhiteElo "1116"]
[BlackElo "625"]

1. e4 c5 2. Nc3 Nf6 3. Nf3 d5 4. d3 g6 5. Be2 Bg7 6. O-O O-O 7. Be3 d4 8. Bd2
dxc3 9. Bxc3 Bh6 10. h3 Be6 11. Bd2 Bxd2 12. Qxd2 Kg7 13. Nh2 Nc6 14. c3 b6
15. Qe3 Qd6 16. f4 Nh5 17. Bxh5 c4 18. Bg4 Qxd3 19. Qf2 Bxg4 20. Nxg4 Rfd8 21.
Rae1 e6 22. Qh4 Kf8 23. Qh6+ Ke7 24. Qg5+ Kf8 25. Ne5 f5 26. Nxd3 Rxd3 {(On
time. Montana was missing 2 players, so Boards 2/3, and Board 4/5 were played
simultaneously by the Montana team. Drake just let his time run out on this
one because he was concentrating on his Board 4 game with Mothersill.
--Roland) } {#R} 0-1

[Event "Pocatello Senior Games"]
[Site "Pocatello, ID"]
[Date "2009.08.07"]
[Round "1.3"]
[White "Simonson, Jay L"]
[Black "Montgomery, Garry"]
[Result "1-0"]
[WhiteElo "621"]
[BlackElo "1029"]

1. e4 c5 2. Nf3 d6 3. d4 cxd4 4. Nxd4 Nf6 5. Nc3 g6 6. Bb5+ Nbd7 7. O-O Bg7 8.
Bg5 O-O 9. Qd2 a6 10. Bc4 b5 11. Ne6 fxe6 12. Bxe6+ Kh8 13. Bh6 Ne5 14. Bxg7+
Kxg7 15. Bd5 Rb8 16. h3 Bb7 17. Be6 Qb6 18. Nd5 Nxd5 19. exd5 Nf7 20. Rae1 Ng5
21. Qxg5 Bc8 22. Re2 Qc5 23. Re4 Bxe6 24. Rxe6 {#r} 1-0

[Event "Pocatello Senior Games"]
[Site "Pocatello, ID"]
[Date "2009.08.07"]
[Round "2.2"]
[White "Emerick, Ernest"]
[Black "Simonson, Jay L"]
[Result "1-0"]
[WhiteElo "1307"]
[BlackElo "621"]

1. d4 d5 2. Nf3 Bf5 3. Bf4 Nf6 4. e3 Nc6 5. c3 e6 6. Be2 Bd6 7. Bxd6 Qxd6 8.
O-O O-O-O 9. a4 Rhe8 10. Nbd2 e5 11. dxe5 Nxe5 12. Nxe5 Rxe5 13. Nf3 Re4 14.
Nd4 Ng4 15. g3 Nxh2 16. Kxh2 Re5 17. Kg2 Be4+ 18. Bf3 Qg6 19. Bxe4 Qxe4+ 20.
Qf3 Qxf3+ 21. Nxf3 Rh5 22. Rh1 Rxh1 23. Rxh1 h6 24. Nd4 g5 25. Rxh6 b6 26. Rf6
Rd7 27. Nc6 Kb7 28. Ne5 Re7 29. Nxf7 g4 30. Rf4 a5 31. Ng5 Ka6 32. b4 axb4 33.
Rxb4 c6 34. Rxg4 Ka5 35. Nf3 b5 36. axb5 Kxb5 37. Nd4+ Kc5 38. Ne2 Re4 39.
Rxe4 dxe4 40. f3 exf3+ 41. Kxf3 Kc4 42. e4 Kc5 43. Kf4 Kd6 44. g4 Ke6 45. Nd4+
Kd6 46. g5 c5 47. Nf5+ Ke6 48. c4 Kf7 49. e5 Kf8 50. Nd6 Ke7 51. Kf5 Kf8 52.
e6 Ke7 53. Ne4 Ke8 54. Nxc5 Ke7 55. g6 Kf8 56. Kf6 Kg8 57. g7 Kh7 58. e7 Kg8
59. e8=Q+ {#r} 1-0

[Event "Pocatello Senior Games"]
[Site "Pocatello, ID"]
[Date "2009.08.07"]
[Round "3.3"]
[White "Simonson, Jay L"]
[Black "Steckbauer, Bill"]
[Result "1-0"]
[WhiteElo "621"]
[BlackElo "521"]

1. e4 e5 2. Nf3 d6 3. Bc4 Nf6 4. Nc3 c6 5. Ng5 d5 6. exd5 cxd5 7. Nxd5 Nxd5 8.
Nxf7 Kxf7 9. Qf3+ Qf6 10. Bxd5+ Be6 11. Qh5+ g6 12. Bxe6+ Qxe6 13. Qf3+ Qf6
14. Qxb7+ Be7 15. Qxa8 Na6 16. Qxa7 Rf8 17. O-O Kg8 18. d3 Bc5 19. Qb7 Rb8 20.
Qd5+ Kg7 21. Qd7+ Qf7 22. Qc6 Rf8 23. Be3 Bxe3 24. fxe3 Qa7 25. Rxf8 Kxf8 26.
Rf1+ Kg7 27. Qf6+ Kh6 28. Rf3 Nc5 29. Rh3# 1-0

[Event "Pocatello Senior Games"]
[Site "Pocatello, ID"]
[Date "2009.08.07"]
[Round "4.1"]
[White "Avila, Joe L"]
[Black "Simonson, Jay L"]
[Result "1-0"]
[WhiteElo "657"]
[BlackElo "621"]

1. e4 e5 2. d4 Nc6 3. d5 Nd4 4. Nf3 Nxf3+ 5. Qxf3 Bc5 6. Be3 Bxe3 7. Qxe3 d6
8. h3 Nf6 9. Nc3 a6 10. Bd3 O-O 11. f4 Qe7 12. f5 Bd7 13. O-O-O Bb5 14. Kb1
Bxd3 15. Rxd3 Rab8 16. g4 c5 17. g5 c4 18. Rd2 Nh5 19. h4 Rbc8 20. Rg1 Rc5 21.
Rf2 Nf4 22. f6 Qd7 23. Qg3 Nh3 24. h5 Nxf2 25. Qxf2 g6 26. Qh4 Ra5 27. Rh1 Qd8
28. hxg6 Rxa2 29. Qxh7# 1-0

[Event "Idaho Closed"]
[Site "Twin Falls, ID"]
[Date "2009.02.16"]
[Round "5.14"]
[White "Simonson, Jay L"]
[Black "Min, Michael"]
[Result "1-0"]
[WhiteElo "689"]
[BlackElo "360"]

1. e4 e5 2. Nf3 Nc6 3. Bc4 Nf6 4. Nc3 Bc5 5. O-O Nxe4 6. Nxe4 d5 7. Nxc5 dxc4
8. Qe1 f6 9. d3 cxd3 10. Nxd3 Bg4 11. Nfxe5 fxe5 12. Nxe5 Nxe5 13. Qxe5+ Qe7
14. Re1 Qxe5 15. Rxe5+ Kd8 16. Bg5+ Kd7 17. Rd1+ Kc8 18. Rd4 Bh5 19. h3 Be8
20. Red5 b6 21. Rd8+ Kb7 22. R8d5 Bc6 23. Re5 Rhe8 24. Be7 g6 25. Rf4 h5 26.
Rf7 h4 27. Rg5 Rg8 28. Bd6 Rac8 29. b4 Rge8 30. Rxg6 Re1+ 31. Kh2 Rce8 32.
Rxc7+ Ka6 33. c4 Bb7 34. b5+ Ka5 35. Rxb7 Rf1 36. Rxa7# 1-0

[Event "WIO (Reserve)"]
[Site "Boise, ID"]
[Date "2010.12.11"]
[Round "3.4"]
[White "Simonson, Jay L"]
[Black "Ramalingam, Deeban"]
[Result "0-1"]
[WhiteElo "657"]
[BlackElo "1204"]

1. e4 e5 2. Nf3 Nc6 3. Nc3 Nf6 4. Bc4 Nxe4 5. Nxe4 d5 6. Bb3 dxe4 7. Ng1 Bc5
8. Qe2 O-O 9. Qxe4 Qf6 10. Nf3 Bb6 11. d3 Bf5 12. Bg5 Bxe4 13. Bxf6 Bxf3 14.
Bxg7 Kxg7 15. gxf3 Kh8 16. Rf1 Rad8 17. O-O-O Nd4 18. Rg1 Ne2+ 19. Kb1 Nxg1
20. Rxg1 Bxf2 21. Rg2 Rg8 22. Rxg8+ Rxg8 23. a3 Rg1+ 24. Ka2 f6 25. Bd5 b6 26.
Bc6 Rg2 27. h3 Rg3 28. h4 Rh3 29. Be4 Rxh4 30. Bc6 Rf4 31. Bd5 h5 32. Be6 h4
33. Bh3 Rxf3 34. Bg2 Rg3 35. Bh1 h3 36. c3 Rxd3 37. Be4 Rd1 38. Bf3 Re1 39.
Ba8 e4 40. Bxe4 Rxe4 41. b4 h2 42. Kb3 h1=Q 43. Kc2 Qe1 44. Kb3 Qd1+ {#R} 0-1

[Event "Idaho Closed"]
[Site "Twin Falls, ID"]
[Date "2011.02.20"]
[Round "3.3"]
[White "Douglas, Kurt P"]
[Black "Simonson, Jay L"]
[Result "1-0"]
[WhiteElo "1671"]
[BlackElo "565"]

1. e4 c5 2. Nf3 d6 3. d4 cxd4 4. Nxd4 Nc6 5. Nc3 Nf6 6. Be2 e5 7. Nb3 Be7 8.
O-O O-O 9. Be3 Be6 10. Qd2 d5 11. exd5 Nxd5 12. Nxd5 Bxd5 13. c4 Be4 14. Rfd1
Bb4 15. Qc1 Qf6 16. Nd2 Bxd2 17. Rxd2 Qg6 18. f3 Bf5 19. Qc3 Bh3 20. Bd3 Qh5
21. gxh3 Qxf3 22. Bc5 Rfe8 23. Bxh7+ Kxh7 24. Qxf3 e4 25. Qxf7 Ne5 26. Qh5+
Kg8 27. Rg2 Nf3+ 28. Kh1 Re5 29. Qg6 Rg5 30. Rxg5 Nxg5 31. Qxg5 Re8 32. Rg1
{#r} 1-0

[Event "Eastern Idaho Open (Reserve)"]
[Site "Pocatello, ID"]
[Date "2011.09.24"]
[Round "1.1"]
[White "Simonson, Jay L"]
[Black "Hanson, Cindy"]
[Result "0-1"]
[WhiteElo "642"]
[BlackElo "1021"]

1. e4 e5 2. Nf3 d6 3. Bc4 h6 4. O-O Nf6 5. Nc3 g5 6. d4 Bg4 7. dxe5 Bxf3 8.
Qxf3 dxe5 9. Be3 Be7 10. Rad1 Qc8 11. Nd5 Nxd5 12. Bxd5 f6 13. Qh5+ Kd8 14.
Be6+ Nd7 15. Rd3 Bd6 16. Rfd1 Qb8 17. Qf7 Nf8 18. Qg7 Nxe6 19. Qxh8+ Ke7 20.
Qxb8 Rxb8 21. Bxa7 Ra8 22. Be3 Rxa2 23. Bc1 Ra4 24. Rh3 Rxe4 25. f3 Bc5+ 26.
Kf1 Rc4 27. c3 g4 28. Rxh6 gxf3 29. Rh7+ Ke8 30. Rdd7 fxg2+ 31. Kxg2 Nf8 32.
Rh8 Kxd7 33. Bh6 Ng6 34. Rh7+ Kc6 35. Rf7 f5 36. Rf6+ Kb5 37. Rxg6 Re4 38. Kf3
Rh4 39. Kg3 Re4 40. b3 f4+ 41. Bxf4 Rxf4 42. c4+ Kb4 43. Rg5 Bd6 44. h3 c6 45.
Rg7 e4 46. Rxb7+ Kc3 47. Rd7 Rf6+ 48. Kh4 e3 49. Ra7 e2 50. Ra1 Rf1 51. Rxf1
exf1=Q {#R} 0-1

[Event "Eastern Idaho Open (Reserve)"]
[Site "Pocatello, ID"]
[Date "2011.09.24"]
[Round "2.2"]
[White "Harrison, Nicholas Marc"]
[Black "Simonson, Jay L"]
[Result "1-0"]
[WhiteElo "693"]
[BlackElo "642"]

1. d4 d5 2. e3 Bf5 3. Nf3 Nc6 4. Bb5 Qd7 5. Ne5 Qe6 6. Qh5 g6 7. Qg5 O-O-O 8.
Nc3 Nb4 9. O-O f6 10. Qf4 fxe5 11. dxe5 Nxc2 12. Qa4 Qb6 13. Nxd5 Rxd5 14. Qb3
Rxb5 15. Qf7 Nh6 16. Qe8# 1-0

[Event "WRW Progressive"]
[Site "Hailey, ID"]
[Date "2012.10.06"]
[Round "4.4"]
[White "Sawyer, Paul"]
[Black "Simonson, Jay L"]
[Result "0-1"]
[WhiteElo "134"]
[BlackElo "627"]

{Game/90;d5} 1. e4 e5 2. Nf3 Nc6 3. Bb5 a6 4. Bxc6 dxc6 5. Nxe5 Qe7 6. d4 f6
7. Nd3 Qxe4+ 8. Be3 Qxg2 9. Rf1 Bd6 10. h3 Bxh3 11. Nd2 Nh6 12. Qe2 g6 13.
Bxh6+ Kf7 14. Be3 Rhe8 15. Nf3 Bg4 16. Rg1 Qxf3 17. Qd2 Bh2 18. Rh1 Qxh1# 0-1

[Event "Idaho Closed"]
[Site "Twin Falls, ID"]
[Date "2013.02.16"]
[Round "2.5"]
[White "Simonson, Jay L"]
[Black "Knoll, Lucas"]
[Result "0-1"]
[WhiteElo "763"]
[BlackElo "1060"]

1. e4 d5 2. e5 f6 3. d4 fxe5 4. dxe5 Nc6 5. Nf3 Bg4 6. Bb5 Qd7 7. O-O O-O-O 8.
Qe2 Kb8 9. Bf4 Nd4 10. Qd3 Nxb5 11. Ng5 e6 12. Nc3 Nxc3 13. Qxc3 h6 14. Nf3 g5
15. Be3 Bxf3 16. gxf3 d4 17. Bxd4 Qxd4 18. Rad1 Qxd1 19. Rxd1 Rxd1+ 20. Kg2
Bg7 21. Qc5 Rd5 22. Qb4 c5 23. Qg4 Rxe5 24. Qh5 Nf6 25. Qf7 Rg8 26. Kg3 h5 27.
h4 gxh4+ 28. Kxh4 Bh6 29. Qe7 Re1 30. Qd6+ Ka8 31. Qh2 Bf4 32. Qh3 Nd7 33. c3
Ne5 34. a3 Nd3 {#R} 0-1

[Event "Idaho Closed"]
[Site "Twin Falls, ID"]
[Date "2014.02.15"]
[Round "2.9"]
[White "Mabry, William B"]
[Black "Simonson, Jay L"]
[Result "1-0"]
[WhiteElo "1279"]
[BlackElo "710"]
[EventRounds "6"]
[EventCountry "USA"]

1. d4 d5 2. Nf3 Nf6 3. e3 Bf5 4. c4 e6 5. Nc3 Bb4 6. Bd3 Bxd3 7. Qxd3 Ne4 8.
O-O Ng5 9. Nxg5 Qxg5 10. cxd5 Bxc3 11. Qb5+ c6 12. Qxb7 O-O 13. bxc3 Qxd5 14.
Qb3 Qxb3 15. axb3 Nd7 16. Ba3 Rfb8 17. Rfb1 Rb7 18. Rb2 Rab8 19. Rab1 e5 20.
dxe5 Nxe5 21. Bd6 Re8 22. Bxe5 Rxe5 23. Kf1 Re4 24. Ra2 c5 25. Rbb2 c4 26. Rd2
g6 27. b4 Re8 28. Rd5 Reb8 29. Rc5 Rd8 30. Rxc4 Rd1+ 31. Ke2 Rbd7 32. Rd4
R1xd4 33. exd4 Kf8 34. Kd3 Ke8 35. Ra5 Kd8 36. h4 f5 37. h5 g5 38. Rxf5 h6 39.
Rf6 Rh7 40. Ke4 Ke7 41. Kf5 Rh8 42. Re6+ Kf7 43. d5 Rd8 44. c4 Rb8 45. d6 Rxb4
46. Re4 Rb8 47. c5 a5 48. d7 Rd8 49. c6 Kf8 50. c7 {#r} 1-0

[Event "Idaho Closed"]
[Site "Twin Falls, ID"]
[Date "2014.02.16"]
[Round "3.12"]
[White "Simonson, Jay L"]
[Black "Crowson, Keegan D"]
[Result "1-0"]
[WhiteElo "710"]
[BlackElo "521"]
[EventRounds "6"]
[EventCountry "USA"]

1. e4 c5 2. Nc3 d6 3. Nf3 Nc6 4. d4 b6 5. Bb5 Bd7 6. O-O g6 7. d5 Ne5 8. Bg5
Bg7 9. Nxe5 Bxe5 10. Qg4 Nf6 11. Bxf6 Bxf6 12. Bxd7+ Qxd7 13. Qxd7+ Kxd7 14.
Rab1 Bxc3 15. bxc3 e6 16. c4 exd5 17. cxd5 Rae8 18. f3 f5 19. exf5 gxf5 20. c4
Re5 21. Rf2 Rhe8 22. Kf1 Re3 23. g3 f4 24. g4 Kc7 25. Kg2 Rc3 26. Rh1 h6 27.
h4 Re5 28. a4 Rxc4 29. Ra2 Rxd5 30. g5 hxg5 31. h5 Rcd4 32. Kf2 Rd2+ 33. Rxd2
Rxd2+ 34. Ke1 Ra2 35. Kf1 Rxa4 36. h6 Ra1+ 37. Kg2 Rxh1 38. Kxh1 c4 39. h7 Kc6
40. h8=Q d5 41. Qh6+ Kc5 42. Qxg5 a5 43. Qe7+ Kd4 44. Qf6+ Kc5 45. Qxf4 a4 46.
Qe3+ Kb5 47. Qd4 a3 48. Qxd5+ Kb4 49. Qd6+ Kb3 50. Qxb6+ Kc2 51. Qb4 a2 52.
Qxc4+ Kb2 53. Qxa2+ Kxa2 54. f4 Kb3 55. f5 Kc3 56. f6 Kd3 57. f7 Ke3 58. f8=Q
Ke2 59. Qa3 Kf2 60. Qd3 Ke1 61. Kh2 Kf2 62. Kh3 Kg1 63. Qe2 {#r} 1-0

[Event "Southern Idaho Open (Reserve)"]
[Site "Twin Falls, ID"]
[Date "2014.11.08"]
[Round "4.3"]
[White "Brimstein, Wesley M"]
[Black "Simonson, Jay L"]
[Result "1-0"]
[WhiteElo "930"]
[BlackElo "771"]
[EventRounds "4"]
[EventCountry "USA"]

1. e4 e5 2. Nf3 Nc6 3. d4 Nf6 4. d5 Ne7 5. Nc3 d6 6. Bd3 Bg4 7. h3 Bxf3 8.
Qxf3 g6 9. Qxf6 Rg8 10. Qh4 Qd7 11. Qxh7 Rg7 12. Qh8 g5 13. Qh5 Ng6 14. Bxg5
Nf4 15. Bxf4 exf4 16. Qf3 Be7 17. Ne2 Bg5 18. Qh5 O-O-O 19. h4 Bf6 20. Nxf4
Bxb2 21. Rb1 Bc3+ 22. Ke2 Rg4 23. Kf3 Rdg8 24. e5 Bxe5 25. g3 f5 26. Bxf5
Rxf4+ 27. gxf4 Qxf5 28. Qxf5+ Kd8 29. fxe5 dxe5 30. Qxe5 Re8 31. Qxe8+ Kxe8
32. Rxb7 {#r} 1-0

[Event "Idaho Closed"]
[Site "Twin Falls, ID"]
[Date "2015.02.14"]
[Round "2.11"]
[White "Simonson, Jay L"]
[Black "Zaklan, David Allen"]
[Result "0-1"]
[WhiteElo "751"]
[BlackElo "1483"]
[EventRounds "6"]
[EventCountry "USA"]

1. e4 c6 2. Bc4 d5 3. exd5 cxd5 4. Bb5+ Nc6 5. d4 Qa5+ 6. Nc3 a6 7. Bxc6+ bxc6
8. Nf3 Bg4 9. O-O Nf6 10. h3 Bh5 11. Bf4 Qb6 12. Qe2 e6 13. Na4 Qa7 14. Rac1
Bxf3 15. Qxf3 Qxd4 16. Qb3 Qxf4 17. Qb7 Qb8 18. Qxc6+ Nd7 19. Nb6 Ra7 20. Qc8+
Qxc8 21. Nxc8 Rc7 22. Na7 Rxa7 23. Rfe1 Bd6 24. Re2 O-O 25. Rce1 Rb7 26. b3
Nc5 27. Re3 Ne4 28. Rf1 Rc8 29. c3 Rxc3 30. Rxc3 Nxc3 31. Re1 Nxa2 32. Re3 Rc7
33. Kf1 Rc1+ 34. Ke2 Rc2+ 35. Kd3 Rc3+ 36. Kd2 Bf4 {#R} 0-1

[Event "Idaho Closed"]
[Site "Twin Falls, ID"]
[Date "2015.02.15"]
[Round "4.12"]
[White "Simonson, Jay L"]
[Black "Wray, James"]
[Result "1-0"]
[WhiteElo "751"]
[BlackElo "1453"]
[EventRounds "6"]
[EventCountry "USA"]

1. e4 e5 2. Nf3 g5 3. Nxe5 Nf6 4. Nc3 d6 5. Nf3 Nc6 6. Bc4 h6 7. Qe2 Bg4 8. d4
Nxd4 9. Qd3 Nxf3+ 10. gxf3 Bh5 11. Bd2 Qd7 12. O-O-O O-O-O 13. Nd5 Nxd5 14.
Bxd5 Bg7 15. Bc3 Bxc3 16. Qxc3 Rhf8 17. Rd3 f5 18. Qb3 c5 19. Be6 Bf7 20.
Bxd7+ Rxd7 21. Qb5 Bg6 22. Rhd1 fxe4 23. Rxd6 Rxd6 24. Qxc5+ Rc6 25. Qxf8+ Kc7
26. Qe7+ Kb6 27. Rd6 e3 28. Qd8+ Ka6 29. fxe3 Kb5 30. Rd5+ Rc5 31. Qd6 b6 32.
Qd7+ Ka6 33. Rxc5 {#r} 1-0

[Event "Idaho Closed"]
[Site "Twin Falls, ID"]
[Date "2016.02.14"]
[Round "4.16"]
[White "Simonson, Jay L"]
[Black "Aderogba, Temiloluwa"]
[Result "1/2-1/2"]
[WhiteElo "800"]
[BlackElo "1122"]
[EventRounds "6"]
[EventCountry "USA"]

1. e3 e5 2. d4 exd4 3. exd4 d5 4. Bd3 Nc6 5. Nf3 Nf6 6. O-O Be7 7. Re1 O-O 8.
Nc3 Be6 9. Bf4 a6 10. Ng5 Nxd4 11. Be5 Nf5 12. Bxf6 Bxf6 13. Rxe6 fxe6 14.
Nxe6 Qd7 15. Nxf8 Rxf8 16. Qf3 Bxc3 17. bxc3 Nh6 18. Qh5 Qf7 19. Qxf7+ Rxf7
20. Re1 Kh8 21. Re8+ Ng8 22. c4 Re7 23. Rxe7 Nxe7 24. c5 g6 25. g4 g5 26. Kg2
Kg7 27. Kg3 h6 28. h4 Kf6 29. a4 Ke5 30. c3 a5 31. f3 b6 32. cxb6 {#d} 1/2-1/2

[Event "Idaho Closed"]
[Site "Twin Falls, ID"]
[Date "2016.02.15"]
[Round "5.13"]
[White "Nyblade III, Wesley"]
[Black "Simonson, Jay L"]
[Result "1-0"]
[WhiteElo "1217"]
[BlackElo "800"]
[EventRounds "6"]
[EventCountry "USA"]

1. d3 d5 2. Nd2 e5 3. g3 Nf6 4. Bg2 Nc6 5. Ngf3 Bc5 6. O-O O-O 7. b3 Bd4 8.
Nxd4 Nxd4 9. Bb2 Bg4 10. Nf3 Nc6 11. Re1 e4 12. Bxf6 Qxf6 13. dxe4 dxe4 14.
Nd2 Rad8 15. Nxe4 Qe5 16. Qc1 Nb8 17. Nd2 Rd6 18. Nc4 Qc5 19. Nxd6 cxd6 20. c4
Re8 21. e3 b6 22. Qc3 Re6 23. a4 a5 24. Rab1 Qf5 25. b4 Nd7 26. bxa5 bxa5 27.
Rb5 h6 28. Rxf5 Bxf5 29. Qxa5 Nc5 30. Qb5 Bc2 31. a5 Ba4 32. Qb6 Nd3 33. Re2
Ne5 34. Bd5 Re8 35. Qxd6 Bd1 36. Bxf7+ Kxf7 37. Qxd1 Nf3+ 38. Kg2 Ne5 39. f4
Nxc4 40. Qd5+ Kg6 41. Qxc4 Ra8 42. Qe4+ {#r} 1-0